00384nam a2200145Ia 4500008004100000020001500041041001200056082001600068100001700084245007800101260002500179300000800204650000800212700001800220221030s9999 xx 000 0 und d a8120300548 aEnglish a105.23bJor aE. C. Jordan 0aElectromagnetic Waves & Radiating Systemscby E. C. Jordan, K. G. Balmain bPHIaNew Delhic1997 a753 aEMT aK. G. Balmain